00839 a2200193 4500003000500000005001700005010001600022020002800038040000900066082001900075100002400094245006200118260004000180300003200220440003500252505031700287650003500604650000600639Nust20220815111540.0 a 00059401 a1580531431 (alk. paper) cNust00a621.381535,KEN1 aKenington, Peter B.10aHigh-linearity RF amplifier design /cPeter B. Kenington. aBoston, MA :bArtech House,cc2000. axv,531 p. :bill. ;c24 cm. 0aArtech House microwave library aIntroduction (Page-1), Distortion in Amplifiers (Page-21), RF Power Amplifiers Design (Page-89), Feedback Linearization Techniques (Page-135), Feed forward Systems (Page-251), Predistortion Techniques (Page-351), Linear Transmitters Employing Signal Processing (Page-425), Efficiency Boosting Systems (Page-493). 0aTelecommunication Engineering. 0x.